Country paper on some aspects of forestry in Cambodia

Bibliographic Details
Main Author: HONG-Narith
Corporate Author: Food and Agriculture Organization of the United Nations (FAO)
Format: Book
Published: Rome : Food and Agriculture Organization of the United Nations , 1997
Series:Asia-Pacific forestry sector outlook study working paper series; no. APFSOS/WP/18
Subjects:

MARC

LEADER 00000cam a2200000 7i4500
001 0000002850
005 20040121.0
090 0 0 |a FAO634.909596   |b HON 1997 
100 1 0 |a HONG-Narith 
245 1 0 |a Country paper on some aspects of forestry in Cambodia   |c by Hong-Narith 
260 0 0 |a Rome :   |b Food and Agriculture Organization of the United Nations ,   |c 1997 
300 |a 16 p. ;   |c 30 cm. 
440 0 0 |a Asia-Pacific forestry sector outlook study working paper series; no. APFSOS/WP/18 
500 0 0 |a Bibliography : p. 15 
650 0 0 |a Forests and forestry   |z Cambodia 
710 1 1 |a Food and Agriculture Organization of the United Nations (FAO) 
998 |a JPSM 
999 |a 0000004752   |b Monograph   |c Food and Agriculture Organization   |e Default branch 
999 |a 0000004753   |b Monograph   |c Food and Agriculture Organization   |e Default branch